000 01193nam a2200325 a 4500
001 000114563
003 CHAP
005 20250913062744.0
008 180305s2017 mx a fsm |||||||spa d
010 _a111024
011 _a111996
040 _cCHAP
090 _aTesis
100 1 _aRuiz Quiroz, Eliberta
_9134698
245 1 0 _aPrincipios de la agricultura de conservación, suelo y rendimiento de cultivos a través de cinco años de tratamiento /
_h[En línea]
_cpor Aliberta Ruiz Quiroz.
260 _aChapingo, Méx. :
_bEl autor,
_c2017.
500 _aPara ver el contenido del material haga clic en la liga
502 _aTesis (Ing. Agr. Esp. en Fitotecnia) -- UACH. Departamento de Fitotecnia
590 _aE8697GMM
_b05
_c20180305
_lUCH01
_h1010
590 _aE8697GMM
_b05
_c20180305
_lUCH01
_h1013
590 _aE8697GMM
_b05
_c20180305
_lUCH01
_h1325
650 1 4 _aLabranza de conservación.
_964308
650 1 7 _aLabranza
_xEfecto en suelos
_2
_964305
650 1 4 _aRotación de cultivos.
_9100243
650 1 4 _aSuelos
_xEvaluación.
_9110364
856 _aFinding aid
_uhttp://10.13.5.2/tesis/sist114563.pdf
_zTeclea aquí
901 _aBK
942 _cTESIS
942 _n0
999 _c111024
_d111024